| 000 | 00823nam a22002417a 4500 | ||
|---|---|---|---|
| 999 |
_c21198 _d21198 |
||
| 003 | AR-CdUCM | ||
| 008 | 190322b ||||| |||| 00| 0 spa d | ||
| 020 | _a9786120027080 | ||
| 040 |
_aMUNICIPALIDAD PROVINCIAL DEL CUSCO _cBIBLIOTECA MUNICIPAL DEL CUSCO |
||
| 082 |
_a128.2 / R63L _bR63L _2Segunda |
||
| 100 |
_aRio, Alonso del _923184 |
||
| 245 |
_aLos cuatro altares : _bel libro de la liberación / |
||
| 260 |
_aCusco : _bDann'ys Graff, _c2017. |
||
| 300 |
_a261 páginas ; _bilustraciones, _c22 cm. |
||
| 505 | _aContenido: Introducción de los cuatro altares -- Los cuatro altares. | ||
| 650 |
_aMente y cuerpo _923185 |
||
| 650 |
_aConsejos, reflexiones _917475 |
||
| 650 |
_aPaz interior _923186 |
||
| 650 |
_aVida espiritual _94764 |
||
| 650 |
_aEspiritualismo _93309 |
||
| 942 |
_2ddc _cLIBROS |
||
| 945 | _aRoel | ||